Ultimate T20 Franchise Logo Quiz - Statistics

General Stats
  • This quiz has been taken 36 times
  • The average score is 23 of 60
Answer Stats
Picture Hint Answer % Correct
(IPL) 2008 - present Chennai Super Kings
96%
(IPL) 2008 - present Mumbai Indians
84%
(IPL) 2008 - present Royal Challengers Bangalore
80%
(IPL) 2022 - present Gujarat Titans
72%
(IPL) 2008 - present Kolkata Knight Riders
72%
(IPL) 2008 - present Punjab Kings
68%
(IPL) 2013 - present SunRisers Hyderabad
68%
(IPL) 2008 - present Delhi Capitals
64%
(IPL) 2022 - present Lucknow Super Giants
64%
(IPL) 2008 - present Rajasthan Royals
64%
(IPL) 2008 - 2012 Deccan Chargers
48%
(SA20) 2023 - present Paarl Royals
48%
(BBL) 2011 - present Sydney Sixers
48%
(BBL) 2011 - present Brisbane Heat
44%
(IPL) 2016 - 2017 Gujarat Lions
44%
(BBL) 2011 - present Hobart Hurricanes
44%
(SA20) 2023 - present Joburg Super Kings
44%
(BBL) 2011 - present Melbourne Renegades
44%
(BBL) 2011 - present Melbourne Stars
44%
(SA20) 2023 - present MI Cape Town
44%
(BBL) 2011 - present Sydney Thunder
44%
(PSL) 2016 - present Lahore Qalandars
40%
(BBL) 2011 - present Perth Scorchers
40%
(IPL) 2016 - 2017 Rising Pune Supergiants
40%
(SA20) 2023 - present SunRisers Eastern Cape
40%
(BBL) 2011 - present Adelaide Strikers
36%
(WPL) 2023 - present Delhi Capitals Women
36%
(SA20) 2023 - present Durban's Super Giants
36%
(PSL) 2016 - present Karachi Kings
36%
(WPL) 2023 - present Mumbai Indians Women
36%
(SA20) 2023 - present Pretoria Capitals
36%
(WPL) 2023 - present Royal Challengers Bangalore Women
36%
(MLC) 2023 - present San Francisco Unicorns
36%
(IPL) 2011 Kochi Tuskers Kerala
32%
(MLC) 2023 - present MI New York
32%
(MLC) 2023 - present Texas Super Kings
32%
(CPL) 2013 - present Trinbago Knight Riders
32%
(CPL) 2013 - present Barbados Royals
28%
(PSL) 2016 - present Islamabad United
28%
(PSL) 2018 - present Multan Sultans
28%
(IPL) 2011 - 2013 Pune Warriors India
28%
(WPL) 2023 - present UP Warriorz
28%
(ILT20) 2023 - present Abu Dhabi Knight Riders
24%
(WPL) 2023 - present Gujarat Giants
24%
(CPL) 2013 - present Guyana Amazon Warriors
24%
(MLC) 2023 - present Los Angeles Knight Riders
24%
(PSL) 2016 - present Peshawar Zalmi
24%
(PSL) 2016 - present Quetta Gladiators
24%
(CPL) 2015 - present St Kitts & Nevis Patriots
24%
(CPL) 2024 - present Antigua & Barbuda Falcons
20%
(ILT20) 2023 - present Desert Vipers
20%
(ILT20) 2023 - present Dubai Capitals
20%
(MLC) 2023 - present Seattle Orcas
20%
(CPL) 2013 - present St Lucia Kings
20%
(MLC) 2023 - present Washington Freedom
20%
(ILT20) 2023 - present Gulf Giants
16%
(CPL) 2013 - 2023 Jamaica Tallawahs
16%
(ILT20) 2023 - present MI Emirates
16%
(ILT20) 2023 - present Sharjah Warriors
16%
(CPL) 2013 - 2014 Antigua Hawksbills
12%
No matching quizzes found
Score Distribution
Percent of People with Each Score
Percentile by Number Answered
Your Score History
You have not taken this quiz